O, the brave music. (Запис № 532096)

МАРК-запис
000 -LEADER
fixed length control field 01157nam a22002771 4500
001 - CONTROL NUMBER
control field obravemusic00smit
003 - CONTROL NUMBER IDENTIFIER
control field CaSfIA
005 - DATE AND TIME OF LATEST TRANSACTION
control field 20210118194058.0
007 - PHYSICAL DESCRIPTION FIXED FIELD--GENERAL INFORMATION
fixed length control field cr||||
008 - FIXED-LENGTH DATA ELEMENTS--GENERAL INFORMATION
fixed length control field 720717r1951uuuunyu 000 1 eng
010 ## - LIBRARY OF CONGRESS CONTROL NUMBER
LC control number 51011794
040 ## - CATALOGING SOURCE
Original cataloging agency DLC
Transcribing agency YNG
Modifying agency DLC
-- BTCTA
-- CaSfIA
035 ## - SYSTEM CONTROL NUMBER
System control number (OCoLC)358025
050 00 - LIBRARY OF CONGRESS CALL NUMBER
Classification number PZ3.S64525
Item number O2
Classification number PR6037.M39
029 1# - (OCLC)
OCLC library identifier AU@
System control number 000026785657
100 1# - MAIN ENTRY--PERSONAL NAME
Personal name Smith, Dorothy Evelyn.
245 10 - TITLE STATEMENT
Title O, the brave music.
Medium [electronic resource]
250 ## - EDITION STATEMENT
Edition statement [1st American ed.]
260 ## - PUBLICATION, DISTRIBUTION, ETC. (IMPRINT)
Place of publication, distribution, etc New York,
Name of publisher, distributor, etc Dutton,
Date of publication, distribution, etc 1951.
300 ## - PHYSICAL DESCRIPTION
Extent 256 p.
Dimensions 22 cm.
506 ## - RESTRICTIONS ON ACCESS NOTE
Standardized terminology for access restriction Необхідна авторизація на https://archive.org/ (створення облікового запису безкоштовно)
506 ## - RESTRICTIONS ON ACCESS NOTE
Standardized terminology for access restriction Необхідна авторизація на https://openlibrary.org/ (створення облікового запису безкоштовно)
856 41 - ELECTRONIC LOCATION AND ACCESS
Uniform Resource Identifier <a href="http://www.archive.org/details/obravemusic00smit">http://www.archive.org/details/obravemusic00smit</a>
Public note Free eBook from the Internet Archive
856 42 - ELECTRONIC LOCATION AND ACCESS
Uniform Resource Identifier <a href="http://www.openlibrary.org/books/OL6094201M">http://www.openlibrary.org/books/OL6094201M</a>
Public note Additional information and access via Open Library
942 ## - ADDED ENTRY ELEMENTS (KOHA)
Koha item type ЕКнига

Немає доступних примірників.